What -Stan Country? - Statistics

General Stats
  • This quiz has been taken 27 times
  • The average score is 5 of 8
Answer Stats
Question Answer % Correct
What -Stan Country Has The Most Land Area? Kazakhstan
100%
What -Stan Country Has The Highest Population? Pakistan
95%
What -Stan Country Is The Farthest North? Kazakhstan
86%
What -Stan Country Is The Farthest South Pakistan
81%
What -Stan Country Has The Least Land Area? Tajikistan
57%
What -Stan Country Has The Lowest Population Turkmenistan
38%
What -Stan Country Has The Least Tourism? Turkmenistan
33%
What -Stan Country Has The Most Tourism? Uzbekistan
33%
No matching quizzes found
Score Distribution
Percent of People with Each Score
Percentile by Number Answered
Your Score History
You have not taken this quiz